00469cam a2200181 a 450000100070000000500170000700800410002401000170006502000150008204000130009704100080011008000210011808200250013910000070016410100080017124500480017950400600022773785120180307090119.0981217s1998 caua b 000 0 eng  a 98232528  a0534357415 aDLCcDLC aeng a515.02855369 STE00a515.02855369 STE2211 a37 aMAT10aCalcLabs with Mathematica :cSelwyn Hollis. aIncludes bibliographical references (p. 258) and index.